THE BLOW-UP RATE FOR A SEMILINEAR PARABOLIC EQUATION WITH A NONLINEAR BOUNDARY CONDITION

Bibliographic Details
Main Author: Rossi, J. D. (Author)
Format: Article
Language:English

MARC

LEADER 00000nab a2200000uu 4500
001 vtls010892349
003 SK-MaSNL
005 20260303174316.0
008 230222|1998 xo |||||||||||||||||eng|
015 |a SNBRB 
035 |a (urnnbn)urn:nbn:sk:snk:ar-0068qe 
035 |a (uuid)c33e90d6-b6b1-4029-b4af-06b123ce8b77 
035 |a urn:nbn:sk:snk-ab8lx0 
040 |a SNKBUCL  |b slo  |c SNKBUCL  |e AACR2 
041 0 |a eng 
044 |a xo  |c SK 
100 1 |a Rossi, J. D.  |4 aut  |9 1201744 
245 1 0 |a THE BLOW-UP RATE FOR A SEMILINEAR PARABOLIC EQUATION WITH A NONLINEAR BOUNDARY CONDITION  |c J. D. Rossi 
773 0 |t Acta mathematica Universitatis Comenianae  |g Roč. 67, č. 2 (1998), s. 343-350 
958 |a OND 
958 |a EUIPO 
958 |a article10 
999 |c 2096049  |d 2097979